[Event "RUS-ch (Women) 54th"]
[Site "Kazan"]
[Date "2004.07.06"]
[Round "7"]
[White "Matveeva, Svetlana"]
[Black "Atalik, Ekaterina"]
[Result "0-1"]
[WhiteElo "2496"]
[BlackElo "2406"]
[PlyCount "100"]
[EventDate "2004.06.29"]
[EventType "tourn"]
[EventRounds "11"]
[EventCountry "RUS"]
[EventCategory "7"]
[SourceTitle "CBM 101 Extra"]
[Source "ChessBase"]
[SourceDate "2004.09.01"]
[SourceVersion "2"]
[SourceVersionDate "2004.09.01"]
[SourceQuality "1"]

1. d4 d5 2. c4 c6 3. Nc3 Nf6 4. Nf3 dxc4 5. a4 Bf5 6. e3 e6 7. Bxc4 Bb4 8. O-O
Nbd7 9. Qe2 O-O 10. Rd1 Re8 11. e4 Bg6 12. e5 Nd5 13. Ne4 h6 14. Bd2 Be7 15. a5
b6 16. Rdc1 Nb4 17. a6 Rc8 18. Nd6 Bxd6 19. exd6 Nd5 20. Ne5 Nf8 21. d7 Nxd7
22. Nxg6 fxg6 23. Qg4 Nf8 24. Ra3 Nf6 25. Qf4 g5 26. Qe3 Qd6 27. h3 Rcd8 28.
Rd3 Ng6 29. g3 Kh8 30. Qe1 b5 31. Ba2 e5 32. Bf7 exd4 33. Bxe8 Rxe8 34. Qd1 Ne5
35. Rb3 Qd5 36. Bb4 Nfd7 37. f4 gxf4 38. gxf4 Nc4 39. Rg3 Nf6 40. b3 Ne3 41.
Qd3 Nh5 42. Rc5 Qf7 43. Qg6 Qxg6 44. Rxg6 Nd5 45. Bd2 Re2 46. Rgxc6 Nhf6 47.
Ba5 d3 48. Rc8+ Kh7 49. f5 Nf4 50. Rxb5 Ne4 0-1

[Event "TUR-chT"]
[Site "Konya"]
[Date "2010.06.30"]
[Round "3"]
[White "Atalik, Ekaterina"]
[Black "Melia, Salome"]
[Result "1-0"]
[WhiteElo "2444"]
[BlackElo "2466"]
[PlyCount "81"]
[EventDate "2010.06.29"]
[EventType "team-tourn"]
[EventRounds "13"]
[EventCountry "TUR"]
[SourceTitle "CBM 137 Extra"]
[Source "ChessBase"]
[SourceDate "2010.09.01"]
[SourceVersion "1"]
[SourceVersionDate "2010.09.01"]
[SourceQuality "1"]

1. d4 Nf6 2. c4 e6 3. Nc3 Bb4 4. Qc2 O-O 5. a3 Bxc3+ 6. Qxc3 b6 7. Bg5 Bb7 8.
e3 d6 9. Qc2 Nbd7 10. Ne2 c5 11. Rd1 Rc8 12. Nc3 h6 13. Bh4 a6 14. Be2 cxd4 15.
Rxd4 Qc7 16. Qd1 Rfd8 17. O-O Ne5 18. Bg3 Rd7 19. Qd2 Rcd8 20. Rd1 Bc6 21. b4
Ba8 22. f3 Qb7 23. e4 Qc7 24. Kh1 Bc6 25. Qe3 Ng6 26. R4d2 Nh5 27. Bf2 Rb8 28.
b5 axb5 29. cxb5 Ba8 30. Na4 Rdd8 31. Nxb6 Nhf4 32. Bf1 e5 33. a4 Qa7 34. Rxd6
Rxd6 35. Rxd6 Ne6 36. Qc3 Qe7 37. Rd1 Qg5 38. a5 Ngf4 39. Nxa8 Rxa8 40. b6 Nd4
41. b7 1-0

[Event "Negroponte op"]
[Site "Chalkis"]
[Date "2010.08.17"]
[Round "9"]
[White "Atalik, Ekaterina"]
[Black "David, Alberto"]
[Result "1-0"]
[WhiteElo "2444"]
[BlackElo "2622"]
[PlyCount "149"]
[EventDate "2010.08.09"]
[EventType "swiss"]
[EventRounds "9"]
[EventCountry "GRE"]
[SourceTitle "CBM 137 Extra"]
[Source "ChessBase"]
[SourceDate "2010.09.01"]
[SourceVersion "1"]
[SourceVersionDate "2010.09.01"]
[SourceQuality "1"]

1. d4 d5 2. c4 e6 3. Nc3 Nf6 4. Nf3 dxc4 5. e3 a6 6. Bxc4 b5 7. Bd3 Bb7 8. Qe2
Nbd7 9. O-O c5 10. Rd1 Qb8 11. e4 cxd4 12. Nxd4 Bd6 13. g3 O-O 14. a3 Rc8 15.
Bc2 Nb6 16. Bg5 Nfd7 17. Bb3 Nc5 18. Ba2 h6 19. Be3 Nc4 20. Bc1 Be5 21. f4 Bf6
22. e5 Bd8 23. b3 Nxb3 24. Bxb3 Bb6 25. Kf1 Qc7 26. Bxc4 Qxc4 27. Qxc4 Rxc4 28.
Nce2 Rac8 29. Be3 Bc5 30. Kf2 Ra4 31. Nc2 Bf8 32. Rdc1 Be4 33. Ncd4 Rac4 34.
Rxc4 Rxc4 35. Rc1 Bxa3 36. Rxc4 bxc4 37. Bd2 Bc5 38. Ke3 Bd3 39. Nc1 Bb1 40.
Ba5 g5 41. Nce2 Bd3 42. Nc3 gxf4+ 43. gxf4 Kh7 44. Ne4 Ba3 45. Nf2 Bf1 46. Nc2
Bb2 47. Kd2 Kg6 48. Ne3 Bd4 49. Nxf1 Bxf2 50. Ke2 Bd4 51. Ne3 Kh5 52. Nxc4 Kg4
53. Bd2 f6 54. Kd3 Ba1 55. Ke4 f5+ 56. Ke3 Kh3 57. Nd6 Kxh2 58. Nf7 h5 59. Ng5
Kg2 60. Nxe6 h4 61. Ng5 Bb2 62. e6 Ba3 63. Kd4 Kg3 64. Kc4 Be7 65. Bb4 Bf6 66.
Bd6 Kg4 67. Kb3 Bd8 68. Kb4 Kg3 69. Ka4 Kg4 70. Kb4 Kg3 71. Kc5 a5 72. Kb5 Kg4
73. Kc6 Bf6 74. Be5 Be7 75. Kd7 1-0

[Event "EU-Cup (Women) 15th"]
[Site "Plovdiv"]
[Date "2010.10.21"]
[Round "5.4"]
[White "Khotenashvili, Bela"]
[Black "Atalik, Ekaterina"]
[Result "0-1"]
[WhiteElo "2464"]
[BlackElo "2447"]
[PlyCount "100"]
[EventDate "2010.10.17"]
[EventType "team-swiss"]
[EventRounds "7"]
[EventCountry "BUL"]
[SourceTitle "CBM 138 Extra"]
[Source "ChessBase"]
[SourceDate "2010.10.29"]
[SourceVersion "1"]
[SourceVersionDate "2010.10.29"]
[SourceQuality "1"]
[WhiteTeam "Tbilisi Samaia (W)"]
[BlackTeam "St Petersburg CC (W)"]
[WhiteTeamCountry "GEO"]
[BlackTeamCountry "RUS"]

1. d4 Nf6 2. c4 g6 3. Nf3 Bg7 4. Nc3 d5 5. Bg5 Ne4 6. cxd5 Nxg5 7. Nxg5 e6 8.
Qd2 exd5 9. Qe3+ Kf8 10. Qf4 Bf6 11. h4 Kg7 12. O-O-O h6 13. Nf3 Be6 14. e3 c5
15. e4 cxd4 16. Nxd4 Bxd4 17. Rxd4 Nc6 18. exd5 Nxd4 19. Qxd4+ f6 20. Bd3 Bf7
21. h5 g5 22. d6 Qb6 23. Qxb6 axb6 24. d7 Rhd8 25. Bb5 Bxa2 26. Re1 Bf7 27. Kc2
Bxh5 28. b4 Bf7 29. Na4 h5 30. Kc3 h4 31. f3 f5 32. Re2 Kf6 33. Nxb6 Ra2 34.
Rxa2 Bxa2 35. Kd4 g4 36. Ke3 Be6 37. fxg4 fxg4 38. Kf4 h3 39. Kg3 Ke5 40. Bf1
Bxd7 41. gxh3 gxh3 42. Nxd7+ Rxd7 43. Kxh3 Rf7 44. Kg2 Kd4 45. Be2 Ke3 46. Bf1
Rg7+ 47. Kh3 Kd4 48. b5 Kc5 49. Be2 Rg1 50. Bf3 Kb6 0-1

[Event "TUR-chT"]
[Site "Konya"]
[Date "2011.07.06"]
[Round "10"]
[White "Khotenashvili, Bela"]
[Black "Atalik, Ekaterina"]
[Result "0-1"]
[WhiteElo "2470"]
[BlackElo "2436"]
[PlyCount "98"]
[EventDate "2011.06.28"]
[EventType "team-swiss"]
[EventRounds "13"]
[EventCountry "TUR"]
[SourceTitle "CBM 143 Extra"]
[Source "ChessBase"]
[SourceDate "2011.08.29"]
[SourceVersion "1"]
[SourceVersionDate "2011.08.29"]
[SourceQuality "1"]
[WhiteTeam "Yapi Kredi"]
[BlackTeam "Isek Aquamatch"]
[WhiteTeamCountry "TUR"]
[BlackTeamCountry "TUR"]

1. d4 Nf6 2. c4 g6 3. Nf3 Bg7 4. g3 d5 5. cxd5 Nxd5 6. Bg2 Nb6 7. Nc3 Nc6 8. e3
O-O 9. O-O Re8 10. Re1 a5 11. Qe2 e5 12. dxe5 Nxe5 13. Nxe5 Bxe5 14. f4 Bxc3
15. bxc3 Bf5 16. Bxb7 Rb8 17. Bg2 Be4 18. Bxe4 Rxe4 19. Rb1 Qd5 20. Rd1 Qc6 21.
Rd4 Rbe8 22. Qd3 h5 23. Rxe4 Rxe4 24. Rb5 Re7 25. Qd8+ Re8 26. Qd3 Re6 27. Ba3
Rxe3 28. Qxe3 Qxb5 29. Bc1 h4 30. gxh4 Qh5 31. Qd2 Nc4 32. Qc2 Nd6 33. h3 Qxh4
34. Kg2 Qe1 35. Qd2 Qe4+ 36. Kh2 Nf5 37. Bb2 Qf3 38. c4 Kh7 39. Be5 Ne3 40. Qb2
Nxc4 41. Qd4 Qe2+ 42. Kh1 Ne3 43. Qb2 Qf3+ 44. Kh2 c5 45. a4 c4 46. Qa2 Nf1+
47. Kg1 Ng3 48. Qg2 Ne2+ 49. Kh2 Qxg2+ 0-1

[Event "ROM-chT (Women)"]
[Site "Mamaia"]
[Date "2012.09.27"]
[Round "5.1"]
[White "Atalik, Ekaterina"]
[Black "Zatonskih, Anna"]
[Result "1-0"]
[WhiteElo "2458"]
[BlackElo "2512"]
[PlyCount "143"]
[EventDate "2012.09.22"]
[EventType "team-tourn"]
[EventRounds "7"]
[EventCountry "ROU"]
[SourceTitle "CBM 150 Extra"]
[Source "ChessBase"]
[SourceDate "2012.10.19"]
[SourceVersion "1"]
[SourceVersionDate "2012.10.19"]
[SourceQuality "1"]
[WhiteTeam "Timisoara Medicina (W)"]
[BlackTeam "Timisoara Luxten (W)"]
[WhiteTeamCountry "ROU"]
[BlackTeamCountry "ROU"]

1. d4 d5 2. c4 e6 3. Nc3 Be7 4. Bf4 Nf6 5. e3 O-O 6. Nf3 Nbd7 7. Be2 dxc4 8.
O-O a6 9. a4 c5 10. dxc5 Nxc5 11. Bxc4 Bd7 12. Ne5 Rc8 13. Nxd7 Ncxd7 14. Be2
Qb6 15. Qb1 Bb4 16. Bf3 Rfe8 17. Bg3 Nc5 18. Qc2 h6 19. Rfd1 Red8 20. Rxd8+
Rxd8 21. Be5 Nfd7 22. Bd4 a5 23. Rd1 e5 24. Nd5 Qe6 25. Nxb4 exd4 26. exd4 Nxa4
27. Qxa4 axb4 28. Qxb4 b6 29. Re1 Qf6 30. h3 Nf8 31. d5 Ng6 32. Qc3 Qd6 33. Qc6
Ne5 34. Qc3 Nxf3+ 35. Qxf3 Qxd5 36. Re8+ Kh7 37. Rxd8 Qxd8 38. Qxf7 Qd1+ 39.
Kh2 Qd6+ 40. g3 Qd4 41. b3 b5 42. Qf5+ Kg8 43. Qe6+ Kh8 44. Kg2 b4 45. h4 Kh7
46. g4 Kh8 47. g5 hxg5 48. hxg5 Qf4 49. Qe3 Qg4+ 50. Qg3 Qe4+ 51. Qf3 Qg6 52.
Qd5 Kh7 53. Kf3 Qh5+ 54. Kg3 Qe8 55. Qd3+ Kh8 56. g6 Qe5+ 57. Kg2 Qg5+ 58. Qg3
Qd5+ 59. Kh2 Qd8 60. Qh3+ Kg8 61. Qh7+ Kf8 62. Qh8+ Ke7 63. Qxg7+ Ke6 64. Qf7+
Ke5 65. Qf3 Qg8 66. Qg3+ Kf6 67. Qf3+ Ke7 68. Qf7+ Qxf7 69. gxf7 Kxf7 70. Kg3
Ke6 71. Kf4 Kd5 72. Ke3 1-0

[Event "Tekirdag Rodosto"]
[Site "Tekirdag"]
[Date "2016.11.04"]
[Round "3"]
[White "Ftacnik, Lubomir"]
[Black "Atalik, Ekaterina"]
[Result "0-1"]
[WhiteElo "2560"]
[BlackElo "2414"]
[PlyCount "82"]
[EventDate "2016.11.02"]
[EventType "tourn"]
[EventRounds "9"]
[EventCountry "TUR"]
[EventCategory "11"]
[SourceTitle "CBM 175 Extra"]
[Source "ChessBase"]
[SourceDate "2016.12.12"]
[SourceVersion "1"]
[SourceVersionDate "2016.12.12"]
[SourceQuality "1"]

1. Nf3 d5 2. d4 Nf6 3. c4 e6 4. g3 dxc4 5. Bg2 Bd7 6. Ne5 Bc6 7. Nxc6 Nxc6 8.
O-O Qd7 9. e3 O-O-O 10. Qa4 Nd5 11. Qxc4 h5 12. Nc3 h4 13. Bd2 f5 14. Rfc1 Kb8
15. b4 hxg3 16. hxg3 Nb6 17. Qe2 Bxb4 18. Rab1 Bxc3 19. Bxc3 Ne7 20. a4 Ned5
21. a5 Nc8 22. Bd2 Nd6 23. f3 g5 24. Kf2 Qg7 25. Rh1 Rxh1 26. Rxh1 f4 27. g4 a6
28. Bf1 Nb5 29. Qe1 fxe3+ 30. Bxe3 Nxd4 31. Bd3 Qf6 32. Be4 Nxe3 33. Qxe3 Nb5
34. Rh5 Nc3 35. Bc2 Nd5 36. Qxg5 Qd4+ 37. Kg3 Qg1+ 38. Kh3 Rf8 39. Qh6 Rxf3+
40. Kh4 Qf2+ 41. Kg5 Qe3+ 0-1

[Event "Tekirdag Rodosto"]
[Site "Tekirdag"]
[Date "2016.11.07"]
[Round "6"]
[White "Atalik, Ekaterina"]
[Black "Damljanovic, Branko"]
[Result "1-0"]
[WhiteElo "2414"]
[BlackElo "2567"]
[PlyCount "95"]
[EventDate "2016.11.02"]
[EventType "tourn"]
[EventRounds "9"]
[EventCountry "TUR"]
[EventCategory "11"]
[SourceTitle "CBM 175 Extra"]
[Source "ChessBase"]
[SourceDate "2016.12.12"]
[SourceVersion "1"]
[SourceVersionDate "2016.12.12"]
[SourceQuality "1"]

1. d4 d6 2. Nf3 Nf6 3. g3 g6 4. Bg2 Bg7 5. O-O O-O 6. b3 a5 7. c4 Nc6 8. Nc3
Bf5 9. Bb2 e5 10. dxe5 dxe5 11. Qc1 Re8 12. Rd1 Qc8 13. Nd5 a4 14. Nh4 Bg4 15.
Qd2 Nd4 16. f3 Nxd5 17. cxd5 Bd7 18. e3 Nb5 19. f4 a3 20. Bxe5 Bxe5 21. fxe5
Rxe5 22. e4 Qf8 23. Rac1 Rae8 24. Rf1 Qg7 25. Rf2 R5e7 26. Rcf1 Nd6 27. Qc1 Bb5
28. Re1 f5 29. Qxa3 fxe4 30. Qc5 e3 31. Rc2 Bd3 32. Rcc1 Qb2 33. Qc3 Qxc3 34.
Rxc3 Ba6 35. Nf3 e2 36. Nd4 Ne4 37. Rc2 Bd3 38. Rcc1 Nf6 39. Ne6 Be4 40. Nxc7
Rc8 41. Rxe2 Rexc7 42. Rxc7 Rxc7 43. Bxe4 Rc1+ 44. Kf2 Ne8 45. Ke3 Nd6 46. Kd4
Kf7 47. a4 b6 48. Bd3 1-0

[Event "Tekirdag Rodosto"]
[Site "Tekirdag"]
[Date "2016.11.10"]
[Round "8"]
[White "Atalik, Ekaterina"]
[Black "Torre, Eugenio"]
[Result "1-0"]
[WhiteElo "2414"]
[BlackElo "2494"]
[PlyCount "90"]
[EventDate "2016.11.02"]
[EventType "tourn"]
[EventRounds "9"]
[EventCountry "TUR"]
[EventCategory "11"]
[SourceTitle "CBM 175 Extra"]
[Source "ChessBase"]
[SourceDate "2016.12.12"]
[SourceVersion "1"]
[SourceVersionDate "2016.12.12"]
[SourceQuality "1"]

1. d4 Nf6 2. c4 e6 3. Nc3 Bb4 4. Qb3 a5 5. a3 Bxc3+ 6. Qxc3 d6 7. Bg5 Nbd7 8.
e3 b6 9. Nf3 Bb7 10. Qc2 c5 11. Rd1 Qc7 12. d5 exd5 13. cxd5 O-O 14. Bc4 h6 15.
Bh4 Rfe8 16. O-O Qc8 17. Rfe1 Ba6 18. Ba2 g5 19. Bg3 Ne4 20. Nd2 Nxg3 21. hxg3
Nf6 22. e4 Ng4 23. Nc4 Bxc4 24. Bxc4 Ra7 25. f3 Ne5 26. Bb5 Rf8 27. f4 gxf4 28.
gxf4 Ng6 29. e5 Qg4 30. exd6 Qxf4 31. d7 Ne5 32. Re4 Qg5 33. Qe2 f6 34. Bc6 Rd8
35. Rf1 Raxd7 36. Bxd7 Rxd7 37. Ref4 Rd6 38. Qa6 Kg7 39. Qb7+ Nf7 40. Qe7 Qxd5
41. R1f3 Qe6 42. Rg3+ Kh7 43. Re4 Rd1+ 44. Kh2 Qd5 45. Qxf6 Qc6 1-0

[Event "Serik op"]
[Site "Serik"]
[Date "2017.05.17"]
[Round "3"]
[White "Bernadskiy, Vitaliy"]
[Black "Atalik, Ekaterina"]
[Result "0-1"]
[WhiteElo "2529"]
[BlackElo "2431"]
[PlyCount "108"]
[EventDate "2017.05.16"]
[EventType "swiss"]
[EventRounds "9"]
[EventCountry "TUR"]
[SourceTitle "CBM 178 Extra"]
[Source "ChessBase"]
[SourceDate "2017.06.22"]
[SourceVersion "1"]
[SourceVersionDate "2017.06.22"]
[SourceQuality "1"]

1. c4 Nf6 2. Nc3 e5 3. g3 d5 4. cxd5 Nxd5 5. Bg2 Nb6 6. e3 Bd6 7. Nge2 O-O 8.
O-O Nc6 9. f4 f6 10. f5 Bd7 11. g4 Be8 12. d3 Bf7 13. Bxc6 bxc6 14. e4 c5 15.
b3 a5 16. a4 Nc8 17. Nb5 Na7 18. Na3 Nc6 19. Nc4 Rb8 20. Bd2 Be7 21. Bc3 Qc8
22. Rb1 Rd8 23. Rf3 Qa6 24. Qe1 Nb4 25. Nc1 Nc2 26. Qf2 Nb4 27. Ra1 Rd7 28. Rh3
h6 29. Rg3 Rbd8 30. Qe2 Nc6 31. h4 Nd4 32. Qg2 Nxb3 33. Nxb3 Rxd3 34. Ncxa5 c4
35. Nc1 Bc5+ 36. Kh2 Rxc3 37. Rxc3 Bd4 38. Ne2 Bxc3 39. Nxc3 Qxa5 40. Rc1 Qb6
41. Rc2 Qe3 42. Qf2 Qd4 43. Qg3 Qb6 44. g5 hxg5 45. hxg5 fxg5 46. Qxg5 Rd6 47.
Rd2 Rh6+ 48. Kg2 Rh5 49. Qg3 Qh6 50. Rd8+ Kh7 51. Kf1 Rh3 52. Qxe5 Qe3 53. Ne2
Rh1+ 54. Kg2 Qh3+ 0-1

[Event "TUR-chT"]
[Site "Kocaeli"]
[Date "2017.07.29"]
[Round "4.4"]
[White "Ushenina, Anna"]
[Black "Atalik, Ekaterina"]
[Result "0-1"]
[WhiteElo "2458"]
[BlackElo "2445"]
[PlyCount "134"]
[EventDate "2017.07.26"]
[EventType "team-tourn"]
[EventRounds "13"]
[EventCountry "TUR"]
[SourceTitle "CBM 179 Extra"]
[Source "ChessBase"]
[SourceDate "2017.08.23"]
[SourceVersion "1"]
[SourceVersionDate "2017.08.23"]
[SourceQuality "1"]
[WhiteTeam "Manisa TS Alyans"]
[BlackTeam "Panelsan Genc"]
[WhiteTeamCountry "TUR"]
[BlackTeamCountry "TUR"]

1. d4 Nf6 2. c4 g6 3. Nc3 d5 4. cxd5 Nxd5 5. e4 Nxc3 6. bxc3 Bg7 7. Qa4+ Nd7 8.
Nf3 O-O 9. Be2 c5 10. O-O Nb6 11. Qa3 cxd4 12. cxd4 Bg4 13. Bg5 Re8 14. Bb5 Bd7
15. Be2 Bg4 16. Bb5 Bd7 17. Qb3 Bxb5 18. Qxb5 h6 19. Be3 Qd7 20. Rfb1 Qxb5 21.
Rxb5 Nc4 22. e5 Rab8 23. a4 Rec8 24. Bc1 a6 25. Rb4 e6 26. Nd2 Na5 27. Ne4 Nc6
28. Rb2 Nxd4 29. f4 b5 30. Nd6 Rc3 31. axb5 axb5 32. Bd2 Rd3 33. Ba5 Ra8 34.
Raa2 g5 35. Nxb5 Nxb5 36. Rxb5 gxf4 37. Rd2 Re3 38. Bc7 Rc8 39. Bd6 Rc4 40. Ra2
f3 41. gxf3 Rxf3 42. Rf2 Rcf4 43. Rxf3 Rxf3 44. Rb4 Rf5 45. Re4 Kh7 46. Kg2 h5
47. h3 Bh6 48. Kg3 Kg6 49. Rc4 Bg5 50. h4 Bd2 51. Re4 Rf1 52. Be7 Kf5 53. Re2
Bf4+ 54. Kg2 Rd1 55. Bg5 Bxg5 56. hxg5 Kxg5 57. Rf2 Kg6 58. Kf3 Rd4 59. Ke3 Rg4
60. Rf6+ Kg7 61. Rf1 h4 62. Kf3 Rg5 63. Ke4 h3 64. Rh1 Rh5 65. Kf4 h2 66. Kg4
Kg6 67. Kg3 Kf5 0-1

[Event "World Women-ch k.o."]
[Site "Khanty-Mansiysk"]
[Date "2018.11.06"]
[Round "2.1"]
[White "Muzychuk, Mariya"]
[Black "Atalik, Ekaterina"]
[Result "0-1"]
[WhiteElo "2545"]
[BlackElo "2445"]
[PlyCount "244"]
[EventDate "2018.11.03"]
[EventType "k.o."]
[EventRounds "6"]
[EventCountry "RUS"]
[SourceTitle "CBM 187 Extra"]
[Source "ChessBase"]
[SourceDate "2018.11.04"]
[SourceVersion "1"]
[SourceVersionDate "2018.11.04"]
[SourceQuality "1"]

1. e4 c6 2. d4 d5 3. Nc3 dxe4 4. Nxe4 Bf5 5. Ng3 Bg6 6. h4 h6 7. Nf3 e6 8. Ne5
Bh7 9. Bd3 Bxd3 10. Qxd3 Nd7 11. f4 Bb4+ 12. c3 Bd6 13. Bd2 Ngf6 14. O-O-O O-O
15. Qf3 Qa5 16. Kb1 Qd5 17. c4 Qxf3 18. gxf3 Rfd8 19. Ba5 b6 20. Bc3 Rac8 21.
Rhg1 Bf8 22. d5 cxd5 23. Nxd7 Nxd7 24. cxd5 exd5 25. Rxd5 Nc5 26. Rxd8 Rxd8 27.
Nh5 Ne6 28. f5 Nd4 29. Nxg7 Ne2 30. Ne6+ Nxg1 31. Nxd8 Be7 32. Nc6 Bxh4 33.
Nxa7 Bf2 34. Nc6 h5 35. Ne5 Ne2 36. Bd2 Bd4 37. Nc6 Bf6 38. Be1 h4 39. Bxh4
Bxh4 40. Kc2 Nf4 41. a4 Nd5 42. b4 Ne7 43. Nd4 Bf2 44. Kd3 Kg7 45. Nb5 Nc6 46.
Kc4 Be1 47. Nc7 Nxb4 48. Kb5 Nd3 49. Kxb6 Ne5 50. Nd5 Nc4+ 51. Kc5 Nd2 52. f4
Ne4+ 53. Kd4 Nd6 54. f6+ Kg6 55. Ke5 Nc4+ 56. Ke4 Nb2 57. Ke5 Nxa4 58. f5+ Kh7
59. Kd6 Nc3 60. Ne3 Ne4+ 61. Ke5 Nc5 62. Kd6 Ne4+ 63. Ke5 Ng5 64. Kd6 Bb4+ 65.
Kd7 Ne4 66. Nd5 Ba3 67. Ke8 Nd6+ 68. Kf8 Kh6 69. Ke7 Kg5 70. Nb6 Kxf5 71. Nd5
Kg6 72. Nf4+ Kh7 73. Nd5 Kg8 74. Kd7 Ne4 75. Ke8 Bc5 76. Kd7 Bd4 77. Ke7 Bb2
78. Ne3 Bxf6+ 79. Ke8 Bg5 80. Nf5 Nf6+ 81. Ke7 Nd5+ 82. Kd7 Bf4 83. Ke8 Ne3 84.
Nd4 Kg7 85. Nc6 Bg5 86. Kd7 Nc4 87. Nd4 Kg6 88. Kc6 Be3 89. Nb5 f5 90. Kd5 Nd2
91. Ke5 Kg5 92. Nc3 f4 93. Nd5 Nc4+ 94. Ke4 Nd2+ 95. Kd3 Nf1 96. Ke2 Ng3+ 97.
Kd3 Ba7 98. Nxf4 Kxf4 99. Kc4 Ke4 100. Kb5 Kd5 101. Ka6 Bc5 102. Kb7 Ne4 103.
Kc7 Nf6 104. Kb7 Ne8 105. Kb8 Kc6 106. Ka8 Nc7+ 107. Kb8 Bd4 108. Kc8 Ba7 109.
Kd8 Nd5 110. Ke8 Kd6 111. Kf7 Ne7 112. Kg7 Be3 113. Kf6 Bf4 114. Kf7 Bg5 115.
Ke8 Nc6 116. Kf7 Ne5+ 117. Ke8 Ke6 118. Kf8 Kd7 119. Kg7 Ke7 120. Kg8 Bh6 121.
Kh7 Bf8 122. Kg8 Ng4 0-1